Bienvenue au Catalogue en Ligne des Bibliothèques de l'Universite du Burundi

Croissance démographique et ses impacts sur l'organisation agréire, sur l'éducation et sur l'environnement (Record no. 33983)

000 -GUIDE
Champ de contrôle de longueur fixe 01247nam a22002657a 4500
003 - IDENTITÉ DU NUMÉRO DE CONTRÔLE
Champ de contrôle BI-BuBU
008 - ÉLÉMENTS DE LONGUEUR FIXE - RENSEIGNEMENTS GÉNÉRAUX
Champ de contrôle de longueur fixe 160427b2012 bd ||||fr|||| 000 0 fre d
037 ## - SOURCE D'ACQUISITION
Source d'acquisition et du numéro d'inventaire Don de l'auteur
039 ## - NIVEAU DE CONTRÔLE BIBLIOGRAPHIQUE ET HISTORIQUE D'ENCODAGE [OBSOLETE]
Date creation 20160427101615.0
Nom catalographe Anne-Marie Nshimirimana
040 ## - SOURCE DU CATALOGAGE
Organisme qui a effectué le catalogage original BI-BuBU
Code de la langue utilisée dans le catalogage fre
Organisme qui a effectué la transcription BI-BuBU
Organisme qui a effectué la modification BI-BuBU
041 0# - CODE DE LANGUE
Code de langue du texte/de la piste sonore ou du titre distinct fre
080 ## - INDICE DE LA CLASSIFICATION DÉCIMALE UNIVERSELLE (CDU)
Indice de la Classification décimale universelle 312.
100 1# - VEDETTE PRINCIPALE - NOM DE PERSONNE
Code de relation aut.
Nom de personne Nibogora, Désiré
245 10 - MENTION DU TITRE
Titre Croissance démographique et ses impacts sur l'organisation agréire, sur l'éducation et sur l'environnement
Reste du titre cas de la commune de Bukeye
Mention de responsabilité, etc. par Désiré nibogora; Bernard Sindayihebura, direcetur
260 ## - PUBLICATION, DIFFUSION, ETC. (ADRESSE BIBLIOGRAPHIQUE)
Lieu de publication, diffusion, etc. Bujumbura
Nom de l'éditeur, diffuseur, etc. Faculté des Lettres et Sciences Humaines, Département de Géographie
Date of publication, distribution, etc 2012
300 ## - DESCRIPTION MATÉRIELLE
Collation VII-108 f.
Dimensions 30 cm.
500 ## - NOTE GÉNÉRALE
Documents précisés Mémoire présenté et défendu publiquement en vue de l'obtention du grade de Licencié en Géographie. Option : Enseignement et Recherche
650 #7 - VEDETTE-MATIÈRE - NOM COMMUN
Source du terme BI-BuBU
Vedette de sujet ou vedette comportant un nom géographique Croissance démographique
Subdivision générale Organisation agraire
Subdivision géographique Bukeye (commune)
650 #7 - VEDETTE-MATIÈRE - NOM COMMUN
Source du terme BI-BuBU
Vedette de sujet ou vedette comportant un nom géographique Croissance démographique
Subdivision de forme Education
Subdivision géographique Bukeye (commune)
655 #7 - TERME D'INDEXATION - GENRE OU FORME
Source du terme BI-BuBU
Données ou terme dominant sur le genre ou la forme Mémoire
700 1# - VEDETTE SECONDAIRE - NOM DE PERSONNE
Code de relation dir.
Nom d'auteur Sindayihebura, Désiré
710 ## - VEDETTE SECONDAIRE - NOM DE COLLECTIVITÉ
Code de relation aut.
Nom de la collectivité ou nom de lieu comme élément de classement Université du Burundi
Collectivité subordonnée Faculté des Lettres et Sciences Humaines
942 ## - ÉLÉMENTS D'ENTRÉE ADDITIONNELLE (KOHA)
Source de la classification ou du système de rangement
Type d item koha Memoire
Holdings
Statut de retrait Statut de perte Source de la classification ou du système de rangement Statut de déterioration Exclu du prêt Numéro d item Koha Localisation actuelle Date d'acquisition Source d'acquisition Nombre de prêts Cote Code-barres Date last seen Numéro d'exemplaire Prix en vigueur à partir du Type d item koha Localisation permanente
        Not For Loan 49992 Bibliothèque Centrale 27/04/2016 Don de l'auteur   312.NIB.D 5010000160005 27/04/2016 1 27/04/2016 Memoire Bibliothèque Centrale
© 2019-2026 - Bibliothèques de l'Université du Burundi |Tous droits réservés
home | Pour toute information urgente Contactez nous | tel whatsupp: +25779204313